000 00944nam a2200265Ia 4500
003 OSt
005 20220923211338.0
006 a|||||r|||| 00| 0
007 ta
008 220922b |||||||| |||| 00| 0 pan d
020 _a9788182994560 (hbk)
_c250
024 _a353,729
037 _b1193, 18/02/2020, H.K. Prakashan
_cTextual
040 _aARTS
_cARTS
_bpan
041 _2pan
_apan
082 _aO153,3x, Q9
100 _aਛਾਬੜਾ, ਸੁਰਿੰਦਰ ਕੌਰ, ਂਚ.
_9160270
245 0 _aਦੋF ਨਾ ਕਾਹੂ ਦੀਜੀਐ
260 _aਦਿੱਲੀ
_b ਆਰਸੀ ਪਬਲਿFਰਗ਼
_c2019
300 _a100ਪ੍ਰ0
_ccm.
650 _a ਪੰਜਾਬੀ ਕਹਾਣੀ
650 _aਪੰਜਾਬੀ ਸਾਹਿਤ
942 _hO153,3x, Q9
_cTEXL
_2CC
999 _c298657
_d298657